[Event "Oberliga Nord O 2122"]
[Site "Germany"]
[Date "2022.01.16"]
[Round "4.1"]
[White "Giemsa, Stephan"]
[Black "Glantz, Robert"]
[Result "1/2-1/2"]
[WhiteElo "2285"]
[BlackElo "2340"]
[PlyCount "86"]
[EventDate "2021.10.31"]
[EventType "team-tourn"]
[EventRounds "9"]
[EventCountry "GER"]
[SourceTitle "EXT 2023"]
[Source "ChessBase"]
[SourceDate "2022.10.05"]
[SourceVersion "1"]
[SourceVersionDate "2022.10.05"]
[SourceQuality "1"]
[WhiteTeam "Koenig Tegel II"]
[BlackTeam "Kreuzberg"]
[WhiteTeamCountry "GER"]
[BlackTeamCountry "GER"]

1. d4 Nf6 2. Nf3 g6 3. Nbd2 Bg7 4. e4 d6 5. Bb5+ c6 6. Bd3 0-0 7. 0-0 c5 8. c3 cxd4 9. cxd4 Nc6 10. Re1 d5 11. e5 Ne8 12. h3 Nc7 13. a3 Ne6 14. Nb3 Qb6 15. Be3 f6 16. exf6 exf6 17. Qc2 f5 18. Nc5 Nexd4 19. Nxd4 Nxd4 20. Bxd4 Bxd4 21. Na4 Qc6 22. Qb3 Bd7 23. Nc3 Bxc3 24. bxc3 Rfe8 25. Qb4 Rxe1+ 26. Rxe1 Re8 27. Re7 b6 28. Rxe8+ Bxe8 29. Qe7 Qd7 30. Qxd7 Bxd7 31. f4 Bc6 32. Kf2 Kf8 33. g3 d4 34. cxd4 Bd5 35. Ke3 Bg2 36. h4 Bd5 37. Kd2 h5 38. Kc3 Ke7 39. Bb5 a5 40. a4 Bf7 41. Kd3 Bd5 42. Kc3 Bf3 43. Kd3 Bd5 1/2-1/2

[Event "Oberliga Nord O 2122"]
[Site "Germany"]
[Date "2021.10.31"]
[Round "1.1"]
[White "Giemsa, Stephan"]
[Black "Rosenthal, Dirk"]
[Result "0-1"]
[WhiteElo "2285"]
[BlackElo "2390"]
[PlyCount "70"]
[EventDate "2021.10.31"]
[EventType "team-tourn"]
[EventRounds "9"]
[EventCountry "GER"]
[SourceTitle "EXT 2023"]
[Source "ChessBase"]
[SourceDate "2022.10.05"]
[SourceVersion "1"]
[SourceVersionDate "2022.10.05"]
[SourceQuality "1"]
[WhiteTeam "Koenig Tegel II"]
[BlackTeam "Oberschoeneweide"]
[WhiteTeamCountry "GER"]
[BlackTeamCountry "GER"]

1. d4 Nf6 2. c4 g6 3. Nc3 Bg7 4. e4 d6 5. Nge2 0-0 6. Ng3 Nc6 7. d5 Ne5 8. f4 Ned7 9. Be2 c6 10. Be3 h5 11. 0-0 a6 12. Nh1 cxd5 13. cxd5 b5 14. Nf2 Bb7 15. Rc1 Rc8 16. Qd2 Qa5 17. a3 Qd8 18. Bd3 Nb6 19. b3 Nfd7 20. Ne2 Nc5 21. Bc2 Nbd7 22. b4 Na4 23. Bxa4 bxa4 24. Rxc8 Bxc8 25. Nd4 Nf6 26. Nc6 Qe8 27. e5 Ng4 28. Nxg4 hxg4 29. exd6 exd6 30. Bd4 Bxd4+ 31. Qxd4 Bd7 32. Qb6 Bf5 33. Qxa6 Qe3+ 34. Kh1 Bd3 35. Ne7+ Kg7 0-1

[Event "Oberliga Nord O 1920"]
[Site "Germany"]
[Date "2019.12.08"]
[Round "4.2"]
[White "Muse, Drazen"]
[Black "Giemsa, Stephan"]
[Result "1/2-1/2"]
[WhiteElo "2345"]
[BlackElo "2291"]
[PlyCount "47"]
[EventDate "2019.09.29"]
[EventType "team-tourn"]
[EventRounds "9"]
[EventCountry "GER"]
[SourceTitle "CBM 195 Extra"]
[Source "ChessBase"]
[SourceDate "2020.05.31"]
[SourceVersion "1"]
[SourceVersionDate "2020.05.31"]
[SourceQuality "1"]

1. Nf3 d5 2. b3 c5 3. e3 Nc6 4. Bb2 Nf6 5. Bb5 Bd7 6. 0-0 e6 7. Bxc6 Bxc6 8. Ne5 Rc8 9. d3 Bd6 10. f4 0-0 11. Nxc6 Rxc6 12. Nd2 b5 13. a4 a6 14. axb5 axb5 15. Qf3 Rc8 16. Ra6 Be7 17. f5 exf5 18. Qxf5 d4 19. e4 g6 20. Qf3 Nd7 21. Qe2 Ne5 22. Nf3 Nxf3+ 23. Qxf3 Bg5 24. Bc1 1/2-1/2

[Event "Oberliga Nord O 1920"]
[Site "Germany"]
[Date "2019.11.24"]
[Round "3.1"]
[White "Leisner, Hannes"]
[Black "Giemsa, Stephan"]
[Result "0-1"]
[WhiteElo "2247"]
[BlackElo "2291"]
[PlyCount "58"]
[EventDate "2019.09.29"]
[EventType "team-tourn"]
[EventRounds "9"]
[EventCountry "GER"]
[SourceTitle "CBM 195 Extra"]
[Source "ChessBase"]
[SourceDate "2020.05.31"]
[SourceVersion "1"]
[SourceVersionDate "2020.05.31"]
[SourceQuality "1"]

1. e4 e6 2. d4 d5 3. e5 c5 4. c3 Nc6 5. Nf3 Qb6 6. a3 f6 7. Bd3 fxe5 8. Nxe5 Nf6 9. 0-0 cxd4 10. Nxc6 bxc6 11. cxd4 Bd6 12. Nc3 0-0 13. Na4 Qc7 14. f4 c5 15. dxc5 Bxc5+ 16. Nxc5 Qxc5+ 17. Kh1 e5 18. Bd2 e4 19. Be2 Rd8 20. Bb4 Qb6 21. Rc1 Be6 22. Qd2 e3 23. Qe1 Rac8 24. Rxc8 Rxc8 25. Bd3 d4 26. Qh4 Qb7 27. h3 Bd5 28. Kh2 Be4 29. Bxe4 Qxe4 0-1

[Event "Oberliga Nord O 1819"]
[Site "Germany"]
[Date "2019.02.24"]
[Round "7.1"]
[White "Waschk, Armin"]
[Black "Giemsa, Stephan"]
[Result "0-1"]
[WhiteElo "2155"]
[BlackElo "2287"]
[PlyCount "86"]
[EventDate "2018.10.21"]
[EventType "team-tourn"]
[EventRounds "9"]
[EventCountry "GER"]
[SourceTitle "EXT 2020"]
[Source "ChessBase"]
[SourceDate "2019.10.17"]
[SourceVersion "1"]
[SourceVersionDate "2019.10.17"]
[SourceQuality "1"]
[WhiteTeam "Guestrow/Teterow"]
[BlackTeam "Koenig Tegel II"]
[WhiteTeamCountry "GER"]
[BlackTeamCountry "GER"]

1. e4 e6 2. d4 d5 3. Nc3 Nf6 4. e5 Nfd7 5. f4 c5 6. Nf3 Nc6 7. Be3 a6 8. Qd2 b5 9. dxc5 Bxc5 10. Bxc5 Nxc5 11. Bd3 Qb6 12. Qf2 b4 13. Ne2 a5 14. 0-0 Ba6 15. Ng3 g6 16. Kh1 Na4 17. Qxb6 Nxb6 18. b3 Ke7 19. Ne2 Rhc8 20. g4 Nd7 21. Bxa6 Rxa6 22. c3 Nc5 23. Rac1 Raa8 24. c4 Nd3 25. Rc2 Nd8 26. Nd2 g5 27. fxg5 Nxe5 28. h3 dxc4 29. Nxc4 Nxc4 30. bxc4 Rc5 31. Rfc1 Rxg5 32. c5 Nc6 33. Kg2 h5 34. Kg3 hxg4 35. h4 Rd5 36. Nf4 Rd4 37. h5 e5 38. Ne2 Rd3+ 39. Kxg4 Ke6 40. Re1 Rg8+ 41. Kh4 Re3 42. Rd2 Ne7 43. Rd6+ Kf5 0-1

[Event "Oberliga Nord O 1718"]
[Site "Germany"]
[Date "2018.03.18"]
[Round "8.2"]
[White "Giemsa, Stephan"]
[Black "Urban, Julian"]
[Result "1/2-1/2"]
[WhiteElo "2281"]
[BlackElo "2249"]
[PlyCount "74"]
[EventDate "2017.10.08"]
[EventType "team-tourn"]
[EventRounds "9"]
[EventCountry "GER"]
[SourceTitle "EXT 2019"]
[Source "ChessBase"]
[SourceDate "2018.10.10"]
[SourceVersion "1"]
[SourceVersionDate "2018.10.10"]
[SourceQuality "1"]
[WhiteTeam "Berlin Tegel II"]
[BlackTeam "Berlin Empor"]
[WhiteTeamCountry "GER"]
[BlackTeamCountry "GER"]

1. d4 e6 2. c4 b6 3. e4 Bb7 4. Bd3 Nc6 5. Ne2 Nb4 6. Nbc3 Nxd3+ 7. Qxd3 Bb4 8. 0-0 Bxc3 9. Nxc3 Ne7 10. b3 0-0 11. Ba3 d6 12. Rad1 Qd7 13. Rfe1 Ng6 14. Qg3 Rfe8 15. h4 h6 16. h5 Nf8 17. e5 dxe5 18. dxe5 Qc6 19. Rd4 Nh7 20. Rg4 Kh8 21. Bc1 Rg8 22. Rd1 Rae8 23. Rgd4 g6 24. Ne4 gxh5 25. Qf3 Rg4 26. Qxf7 Rxe4 27. Rxe4 Rf8 28. Qxh5 Qxe4 29. f3 Qe2 30. Rd7 Be4 31. Qxh6 Rg8 32. Rxh7+ Bxh7 33. Qf6+ Rg7 34. Qd8+ Bg8 35. Qh4+ Bh7 36. Qd8+ Bg8 37. Qh4+ Bh7 1/2-1/2

[Event "Llucmajor op 6th"]
[Site "Llucmajor"]
[Date "2017.05.14"]
[Round "2"]
[White "Hera, Imre Jr"]
[Black "Giemsa, Stephan"]
[Result "1-0"]
[WhiteElo "2618"]
[BlackElo "2263"]
[PlyCount "39"]
[EventDate "2017.05.14"]
[EventType "swiss"]
[EventRounds "9"]
[EventCountry "ESP"]
[SourceTitle "CBM 178 Extra"]
[Source "ChessBase"]
[SourceDate "2017.06.22"]
[SourceVersion "1"]
[SourceVersionDate "2017.06.22"]
[SourceQuality "1"]

1. e4 e6 2. d3 c5 3. g3 b6 4. Bg2 Bb7 5. Nf3 d6 6. 0-0 Nf6 7. Ng5 h6 8. Nh3 e5 9. f4 Be7 10. Na3 Nc6 11. Nc4 Qd7 12. c3 Bd8 13. Nf2 Bc7 14. Bh3 Qd8 15. Ng4 Nxg4 16. Qxg4 g6 17. Qf3 Qf6 18. Ne3 h5 19. Nd5 Qd8 20. f5 1-0

[Event "Oberliga Nord O 1617"]
[Site "Germany"]
[Date "2017.02.19"]
[Round "6.2"]
[White "Giemsa, Stephan"]
[Black "Kalinitschew, Sergey"]
[Result "1/2-1/2"]
[WhiteElo "2250"]
[BlackElo "2423"]
[PlyCount "83"]
[EventDate "2016.10.16"]
[EventType "team-tourn"]
[EventRounds "9"]
[EventCountry "GER"]
[SourceTitle "EXT 2018"]
[Source "ChessBase"]
[SourceDate "2017.10.13"]
[SourceVersion "1"]
[SourceVersionDate "2017.10.13"]
[SourceQuality "1"]
[WhiteTeam "Koenig Tegel"]
[BlackTeam "Kreuzberg"]
[WhiteTeamCountry "GER"]
[BlackTeamCountry "GER"]

1. d4 e6 2. c4 f5 3. Nf3 Nf6 4. Nc3 Bb4 5. Qb3 a5 6. Bg5 h6 7. Bxf6 Qxf6 8. a3 a4 9. Qxb4 Nc6 10. Nd5 exd5 11. Qc3 dxc4 12. Qxc4 d6 13. Rd1 Ra5 14. e3 Be6 15. Qc3 0-0 16. Bc4 Bxc4 17. Qxc4+ Rf7 18. 0-0 Nd8 19. Qb4 b6 20. Rc1 Ne6 21. Rfd1 Qg6 22. Qc4 f4 23. d5 Nc5 24. exf4 Qg4 25. Re1 Ra8 26. h3 Qxf4 27. Qxf4 Rxf4 28. Re7 Rf7 29. Rxf7 Kxf7 30. Nd4 Re8 31. Ne6 Re7 32. Nxc5 dxc5 33. Rc4 Rd7 34. Rxa4 Rxd5 35. Ra7 Rd7 36. Kf1 Ke6 37. Ke2 Kd5 38. Kd3 Rf7 39. f3 c4+ 40. Ke3 Re7+ 41. Kd2 Kc5 42. Ra8 1/2-1/2

[Event "Berlin Lichtenrade op 12th"]
[Site "Berlin"]
[Date "2016.10.29"]
[Round "8"]
[White "Giemsa, Stephan"]
[Black "Zschaebitz, Klaus"]
[Result "1-0"]
[WhiteElo "2270"]
[BlackElo "2063"]
[PlyCount "83"]
[EventDate "2016.10.22"]
[EventType "swiss"]
[EventRounds "9"]
[EventCountry "GER"]
[SourceTitle "EXT 2018"]
[Source "ChessBase"]
[SourceDate "2017.10.13"]
[SourceVersion "1"]
[SourceVersionDate "2017.10.13"]
[SourceQuality "1"]

1. d4 Nf6 2. c4 e6 3. g3 d5 4. Nf3 dxc4 5. Bg2 Bb4+ 6. Bd2 a5 7. Qc2 Bxd2+ 8. Qxd2 c6 9. a4 Ne4 10. Qc2 Nd6 11. Nbd2 Na6 12. Nxc4 Nb4 13. Nxd6+ Qxd6 14. Qd2 0-0 15. 0-0 Re8 16. Rfd1 Bd7 17. Ne5 f6 18. Nc4 Qe7 19. e4 c5 20. dxc5 Rad8 21. Qd6 Bxa4 22. Qxe7 Rxd1+ 23. Rxd1 Rxe7 24. Rd8+ Re8 25. Rxe8+ Bxe8 26. Nxa5 Bc6 27. e5 fxe5 28. Nxb7 Bd5 29. Nd6 Kf8 30. Bf1 Ke7 31. Bb5 e4 32. Kf1 Kd8 33. Ke2 e5 34. Kd2 Kc7 35. Ne8+ Kb7 36. Nxg7 Bc6 37. Bc4 Bd7 38. Kc3 Nc6 39. Bd5 Kc7 40. Bxe4 h6 41. Nf5 Bxf5 42. Bxf5 1-0

[Event "Berlin Lichtenrade op 12th"]
[Site "Berlin"]
[Date "2016.10.28"]
[Round "7"]
[White "Terhorst, Jochen"]
[Black "Giemsa, Stephan"]
[Result "1/2-1/2"]
[WhiteElo "2184"]
[BlackElo "2270"]
[PlyCount "44"]
[EventDate "2016.10.22"]
[EventType "swiss"]
[EventRounds "9"]
[EventCountry "GER"]
[SourceTitle "EXT 2018"]
[Source "ChessBase"]
[SourceDate "2017.10.13"]
[SourceVersion "1"]
[SourceVersionDate "2017.10.13"]
[SourceQuality "1"]

1. e4 e6 2. d4 d5 3. Nd2 c5 4. Ngf3 cxd4 5. exd5 Qxd5 6. Bc4 Qd7 7. 0-0 Nc6 8. Nb3 Nf6 9. Qe2 a6 10. a4 Qc7 11. Nbxd4 Nxd4 12. Nxd4 Bd6 13. Nf3 0-0 14. Re1 e5 15. h3 e4 16. Nd4 Re8 17. Be3 Bd7 18. c3 Rac8 19. Bb3 Rcd8 20. Qc4 Qxc4 21. Bxc4 Bc8 22. Rad1 h6 1/2-1/2

[Event "Berlin Lichtenrade op 12th"]
[Site "Berlin"]
[Date "2016.10.27"]
[Round "6"]
[White "Giemsa, Stephan"]
[Black "Welz, Peter"]
[Result "1-0"]
[WhiteElo "2270"]
[BlackElo "2085"]
[PlyCount "95"]
[EventDate "2016.10.22"]
[EventType "swiss"]
[EventRounds "9"]
[EventCountry "GER"]
[SourceTitle "EXT 2018"]
[Source "ChessBase"]
[SourceDate "2017.10.13"]
[SourceVersion "1"]
[SourceVersionDate "2017.10.13"]
[SourceQuality "1"]

1. d4 f5 2. Nc3 Nf6 3. Bg5 e6 4. e4 fxe4 5. Nxe4 Be7 6. Bxf6 Bxf6 7. Qh5+ g6 8. Qh6 d5 9. Nxf6+ Qxf6 10. Nf3 Bd7 11. 0-0-0 a6 12. h4 Nc6 13. Qe3 0-0-0 14. Bd3 Rdf8 15. Rhe1 Qf4 16. c3 Rf6 17. Qxf4 Rxf4 18. Re3 h6 19. Rd2 Rhf8 20. Kd1 g5 21. hxg5 hxg5 22. Ke1 g4 23. Ng5 Re8 24. Rde2 Rf6 25. Kd2 Re7 26. b4 Nd8 27. Rg3 Rf4 28. Ke3 Rf8 29. f4 gxf3 30. Nxf3 Nc6 31. Rg5 Kb8 32. Rf2 Ka7 33. Ne5 Rxf2 34. Nxc6+ Bxc6 35. Kxf2 Kb6 36. Ke3 Bb5 37. Bc2 Bc4 38. a3 a5 39. Re5 axb4 40. axb4 Kb5 41. g4 Rg7 42. g5 b6 43. g6 c5 44. bxc5 bxc5 45. Rxe6 Bf1 46. dxc5 Kxc5 47. Ba4 Rc7 48. g7 1-0

[Event "Berlin Lichtenrade op 12th"]
[Site "Berlin"]
[Date "2016.10.23"]
[Round "2"]
[White "Giemsa, Stephan"]
[Black "Hanewinkel, Winfried"]
[Result "1-0"]
[WhiteElo "2270"]
[BlackElo "1968"]
[PlyCount "33"]
[EventDate "2016.10.22"]
[EventType "swiss"]
[EventRounds "9"]
[EventCountry "GER"]
[SourceTitle "EXT 2018"]
[Source "ChessBase"]
[SourceDate "2017.10.13"]
[SourceVersion "1"]
[SourceVersionDate "2017.10.13"]
[SourceQuality "1"]

1. d4 d5 2. c4 c6 3. Nf3 Nf6 4. e3 e6 5. b3 Be7 6. Bd3 0-0 7. 0-0 Nbd7 8. Bb2 c5 9. Nc3 dxc4 10. bxc4 b6 11. d5 e5 12. Ng5 Bd6 13. f4 exf4 14. exf4 Re8 15. Nce4 Nxe4 16. Nxe4 Nf8 17. Qh5 1-0

[Event "Berlin Lichtenberger op 15th"]
[Site "Berlin"]
[Date "2016.08.17"]
[Round "5"]
[White "Melamed, Tatiana"]
[Black "Giemsa, Stephan"]
[Result "1/2-1/2"]
[WhiteElo "2318"]
[BlackElo "2261"]
[PlyCount "108"]
[EventDate "2016.08.13"]
[EventType "swiss"]
[EventRounds "9"]
[EventCountry "GER"]
[SourceTitle "CBM 173 Extra"]
[Source "ChessBase"]
[SourceDate "2016.08.29"]
[SourceVersion "1"]
[SourceVersionDate "2016.08.29"]
[SourceQuality "1"]

1. e4 e6 2. d4 d5 3. Nd2 c5 4. Ngf3 cxd4 5. Nxd4 Nc6 6. Bb5 Bd7 7. Nxc6 bxc6 8. Bd3 Bd6 9. Qe2 Ne7 10. Nf3 Ng6 11. e5 Bc7 12. 0-0 f6 13. Bxg6+ hxg6 14. Re1 Rb8 15. c4 Rh5 16. Bf4 g5 17. Nd4 Rh6 18. Nf5 gxf4 19. Nxh6 gxh6 20. Qh5+ Ke7 21. exf6+ Kxf6 22. Qxh6+ Kf7 23. Qh7+ Ke8 24. cxd5 cxd5 25. Qg8+ Ke7 26. Qg7+ Ke8 27. Rad1 Qe7 28. Qg8+ Qf8 29. Rxe6+ Bxe6 30. Qxe6+ Qe7 31. Qg8+ Kd7 32. Qxd5+ Bd6 33. Qf5+ Qe6 34. Qxf4 Qe1+ 35. Rxe1 Bxf4 36. g3 Bd2 37. Rb1 Rc8 38. Kg2 Rc2 39. Kf3 Ba5 40. h4 Bb6 41. h5 Rxf2+ 42. Ke4 Ke6 43. a4 Bc7 44. Rc1 Bxg3 45. Rc6+ Bd6 46. Ra6 Rxb2 47. Rxa7 Rh2 48. Ra5 Rh4+ 49. Kd3 Be5 50. Ra6+ Kd7 51. h6 Bd6 52. Ra7+ Bc7 53. Ra6 Bd6 54. Ra7+ Bc7 1/2-1/2

[Event "Oberliga Nord O 1516"]
[Site "Germany"]
[Date "2016.02.22"]
[Round "7.2"]
[White "Kapp, Martin"]
[Black "Giemsa, Stephan"]
[Result "1-0"]
[WhiteElo "2228"]
[BlackElo "2302"]
[PlyCount "81"]
[EventDate "2015.09.20"]
[EventType "team-tourn"]
[EventRounds "9"]
[EventCountry "GER"]
[SourceTitle "EXT 2017"]
[Source "ChessBase"]
[SourceDate "2016.10.25"]
[SourceVersion "1"]
[SourceVersionDate "2016.10.25"]
[SourceQuality "1"]
[WhiteTeam "Cottbus Lokomotive"]
[BlackTeam "Koenig Tegel"]
[WhiteTeamCountry "GER"]
[BlackTeamCountry "GER"]

1. Nf3 g6 2. c4 Bg7 3. Nc3 c5 4. g3 Nc6 5. Bg2 e6 6. 0-0 Nge7 7. b3 d5 8. Bb2 d4 9. Na4 Qd6 10. e3 h6 11. exd4 cxd4 12. Ne1 0-0 13. Nd3 Rb8 14. Qc1 Re8 15. Nac5 Qc7 16. Ba3 Rd8 17. f4 b6 18. Ne4 f5 19. Nef2 e5 20. fxe5 Nxe5 21. Re1 N7c6 22. Nf4 g5 23. Nd5 Qf7 24. d3 Kh8 25. Qd2 b5 26. Rf1 Qh5 27. Qd1 Qxd1 28. Raxd1 a5 29. h4 bxc4 30. bxc4 Nb4 31. hxg5 hxg5 32. Nh3 Nf7 33. Bxb4 axb4 34. Ne7 g4 35. Nf4 Bd7 36. c5 Ba4 37. Rc1 Rbc8 38. Nxc8 Rxc8 39. Bb7 Rc7 40. c6 Nd8 41. Nd5 1-0

[Event "Oberliga Nord O 1516"]
[Site "Germany"]
[Date "2015.12.13"]
[Round "4.2"]
[White "Gyorkos, Lajos"]
[Black "Giemsa, Stephan"]
[Result "1-0"]
[WhiteElo "2361"]
[BlackElo "2280"]
[PlyCount "99"]
[EventDate "2015.09.20"]
[EventType "team-tourn"]
[EventRounds "9"]
[EventCountry "GER"]
[SourceTitle "CBM 170 Extra"]
[Source "ChessBase"]
[SourceDate "2016.02.25"]
[SourceVersion "1"]
[SourceVersionDate "2016.02.25"]
[SourceQuality "1"]
[WhiteTeam "Neuruppin"]
[BlackTeam "Koenig Tegel"]
[WhiteTeamCountry "GER"]
[BlackTeamCountry "GER"]

1. Nf3 g6 2. g3 d5 3. Bg2 Bg7 4. 0-0 Nf6 5. d4 0-0 6. Nbd2 c6 7. b3 Bf5 8. Bb2 Ne4 9. c4 Qa5 10. Qc1 Bh6 11. e3 Nd7 12. Nxe4 Bxe4 13. Ne1 Bxg2 14. Kxg2 Bg7 15. Nd3 Rac8 16. Rd1 Rfe8 17. Qc2 e6 18. a4 dxc4 19. bxc4 c5 20. dxc5 Nxc5 21. Bxg7 Kxg7 22. Qb2+ Kg8 23. Nxc5 Qxc5 24. Qxb7 Re7 25. Qb2 Qxc4 26. Rd4 Qc6+ 27. Kg1 Rd7 28. Rad1 Rxd4 29. Qxd4 Qf3 30. Rb1 a5 31. Qe5 h5 32. h4 Qa8 33. Kh2 Qf3 34. Kg1 Qa8 35. e4 Qc6 36. Rb5 Ra8 37. Rxa5 Rxa5 38. Qxa5 Qxe4 39. Qd8+ Kg7 40. a5 Qe1+ 41. Kg2 Qe4+ 42. Kh2 Qf5 43. Qd2 Qb5 44. Qa2 Qa6 45. Qb2+ Kh7 46. Qb6 Qa8 47. a6 Qf3 48. a7 Kg7 49. Qe3 Qa8 50. Qe5+ 1-0

[Event "Oberliga Nord O 1516"]
[Site "Germany"]
[Date "2015.09.20"]
[Round "1.2"]
[White "Giemsa, Stephan"]
[Black "Strzemiecki, Zbigniew"]
[Result "1/2-1/2"]
[WhiteElo "2302"]
[BlackElo "2363"]
[PlyCount "68"]
[EventDate "2015.09.20"]
[EventType "team-tourn"]
[EventRounds "9"]
[EventCountry "GER"]
[SourceTitle "CBM 170 Extra"]
[Source "ChessBase"]
[SourceDate "2016.02.25"]
[SourceVersion "1"]
[SourceVersionDate "2016.02.25"]
[SourceQuality "1"]
[WhiteTeam "Koenig Tegel"]
[BlackTeam "Berlin SF"]
[WhiteTeamCountry "GER"]
[BlackTeamCountry "GER"]

1. d4 e6 2. c4 Nf6 3. g3 d5 4. Nf3 dxc4 5. Bg2 Bd7 6. Ne5 Bc6 7. Nxc6 Nxc6 8. 0-0 Qd7 9. e3 0-0-0 10. Qa4 Nd5 11. Qxc4 h5 12. Bd2 h4 13. Rc1 hxg3 14. hxg3 f5 15. b4 Kb8 16. b5 Nce7 17. Be1 g5 18. Nd2 Nc8 19. Nf3 Bd6 20. Nxg5 Ncb6 21. Qe2 Rdg8 22. f4 Rxg5 23. fxg5 Qg7 24. e4 fxe4 25. Qxe4 Qxg5 26. Rc3 Qh6 27. Rf3 Nc4 28. a4 Nce3 29. Rxe3 Qxe3+ 30. Bf2 Qc3 31. Qe1 Rg8 32. Bxd5 Qxe1+ 33. Rxe1 exd5 34. Kg2 Kc8 1/2-1/2

[Event "Berlin Kreuzberg op"]
[Site "Berlin"]
[Date "2015.07.16"]
[Round "6"]
[White "Giemsa, Stephan"]
[Black "Burger, Heinrich"]
[Result "1-0"]
[WhiteElo "2322"]
[BlackElo "2088"]
[PlyCount "49"]
[EventDate "2015.07.11"]
[EventType "swiss"]
[EventRounds "9"]
[EventCountry "GER"]
[SourceTitle "CBM 167 Extra"]
[Source "ChessBase"]
[SourceDate "2015.09.14"]
[SourceVersion "1"]
[SourceVersionDate "2015.09.14"]
[SourceQuality "1"]

1. d4 g6 2. c4 Bg7 3. e4 c5 4. d5 d6 5. h3 e6 6. Nc3 Ne7 7. Nf3 0-0 8. Bd3 exd5 9. cxd5 a6 10. a4 h6 11. 0-0 g5 12. Ne2 Ng6 13. Ng3 g4 14. hxg4 Bxg4 15. Be2 Bxf3 16. Bxf3 Nh4 17. Nh5 Nd7 18. Nxg7 Kxg7 19. Ra3 Ne5 20. Bh5 Kh7 21. f4 Rg8 22. fxe5 Rxg2+ 23. Kh1 Qg8 24. Rxf7+ Kh8 25. Qf1 1-0

[Event "Palma de Mallorca Amic op 1st"]
[Site "Palma de Mallorca"]
[Date "2015.03.28"]
[Round "8"]
[White "Abergel, Thal"]
[Black "Giemsa, Stephan"]
[Result "1-0"]
[WhiteElo "2425"]
[BlackElo "2328"]
[PlyCount "103"]
[EventDate "2015.03.22"]
[EventType "swiss"]
[EventRounds "9"]
[EventCountry "ESP"]
[SourceTitle "CBM 165 Extra"]
[Source "ChessBase"]
[SourceDate "2015.04.21"]
[SourceVersion "1"]
[SourceVersionDate "2015.04.21"]
[SourceQuality "1"]

1. e4 e6 2. d4 d5 3. Nc3 dxe4 4. Nxe4 Nd7 5. Nf3 Ngf6 6. Nxf6+ Nxf6 7. Bg5 h6 8. Be3 Bd6 9. Bd3 0-0 10. Qe2 b6 11. 0-0-0 Bb7 12. Ne5 Nd5 13. Bd2 Qh4 14. Nf3 Qe7 15. Qe4 f5 16. Qe2 Nf4 17. Bxf4 Bxf4+ 18. Kb1 Bd6 19. Rhe1 Rae8 20. g3 Bxf3 21. Qxf3 Qf6 22. Bb5 Re7 23. Qb3 Kh8 24. f4 c5 25. dxc5 Bxc5 26. Qc4 e5 27. fxe5 Rxe5 28. Rxe5 Qxe5 29. a3 a5 30. Qb3 Qe3 31. Bd3 Qe5 32. Rf1 h5 33. Qa4 g6 34. Qd7 Qd6 35. Qb7 Qe7 36. Qg2 Bd4 37. h3 Kg7 38. c3 Bc5 39. Bc2 Qg5 40. Rd1 h4 41. Qb7+ Rf7 42. gxh4 Qxh4 43. Qg2 Rf8 44. Rd7+ Rf7 45. Rd8 Rf8 46. Qb7+ Rf7 47. Qd5 Qe1+ 48. Ka2 Qe7 49. Bb3 f4 50. Qxf7+ Qxf7 51. Bxf7 Kxf7 52. Kb3 1-0